000 00482ntaaa2200193 4500
003 01
005 20251027202032.0
008 0714s1973 ag 01
040 _aAR-BaBN
_bspa
_cAR-BaBN
_eaacr
_dRIC
082 _a250.0000
100 _aAbbey, Merrill R
_918968
245 _aPreaching to the contemporary mind
250 _a1 ed.
260 _aNew York :
_bAbingdon Press,
_cc1963
300 _a192 p
650 _ateología pastoral
_91347
650 _ateología
942 _cBK
999 _c15126
_d15126